| 000 | 02232cam a22004694i 4500 | ||
|---|---|---|---|
| 003 | PE-LiUPU | ||
| 005 | 20250731165410.0 | ||
| 008 | 151021s2002 pe a grm 000 0 spa d | ||
| 035 | _a(Sirsi) a155012 | ||
| 040 |
_aPE-LiUPU _bspa _cPE-LiUPU _erda |
||
| 099 |
_aTEF 2 _bM22 2002 |
||
| 100 | 1 |
_aMamani Checya, Fany _eautor |
|
| 245 | 1 |
_aDiagnóstico situacional: Medidas preventivas aplicadas por agricultores y actividades de prevención primaria que realiza el profesional de salud frente al uso de plaguicidas, Valle Chillón, Lima-2002 / _cFany Mamani Checya. |
|
| 264 | 0 | _c2002. | |
| 300 |
_a149 hojas _c30 cm |
||
| 336 |
_atext _2rdacontent |
||
| 337 |
_aunmediated _2rdamedia |
||
| 338 |
_avolume _2rdacarrier |
||
| 502 |
_aTesis _b(Lic.) -- _cUniversidad Peruana Unión, _d2002. |
||
| 504 | _aIncluye referencias | ||
| 520 | 3 | _aEl trabajo de investigación presenta el diagnostico situacional sobre medidas preventivas que aplican los agricultores y las actividades que realiza el profesional de salud frente uso de plaguicidas en el valle del Río Chillón. Los objetivos específicos son determinar las características generales que presentan los agricultores, identificar los plaguicidas según grado de peligrosidad. Asimismo las medidas preventivas que aplican los agricultores, las actividades de prevención primaria que realiza el profesional de salud; y por ultimo determinar la relación que existe entre las medidas preventivas que aplican los agricultores y las actividades de prevención primaria que realiza el profesional de salud frente al uso de plaguicidas. | |
| 526 | _aSEG44 | ||
| 526 | _aSEG26 | ||
| 526 | _aP151 | ||
| 526 | _aP150 | ||
| 526 | _aP149 | ||
| 526 | _aP146 | ||
| 526 | _aP145 | ||
| 526 | _aP126 | ||
| 526 | _aP125 | ||
| 526 | _aP92 | ||
| 526 | _aP75 | ||
| 526 | _aP74 | ||
| 526 | _aP27 | ||
| 526 | _aP15 | ||
| 650 | 0 | 4 |
_aPesticidas _xAspectos ambientales. |
| 650 | 0 | 4 |
_aPesticidas _xToxicología. |
| 700 | 1 |
_aMerjildo Tinoco, Denice Rocío _eautor |
|
| 596 | _a1 | ||
| 942 |
_2ddc _cTESIS |
||
| 999 |
_aTEF 2 M22 2002 _wALPHANUM _c7704 _iT00315 _lCCODEBUL3 _mBUL _r1 _sY _tTESIS _u2015-10-21 _xSALUD _PP22 _o.STAFF. Tesis _d7704 |
||
| 980 |
_81 _gALBERTO SANCHEZ Responsable de Automatización |
||